Valtiot, jotka ovat hallinneet Suomea - Statistics

Yleistilastot
  • Tätä visaa on pelattu 23 kertaa
  • Keskiarvotulos 4 / 6
Vastaustilastot
Hint Vastaus % Oikein
1249-1397 Ruotsin kuningaskunta
100%
1523–1809 Ruotsin kuningaskunta
100%
1917-> Suomen tasavalta
73%
1809-1917 Venäjän keisarikunta
50%
1397–1523 Kalmarin Unioni
41%
1917-1917 Venäjän tasavalta
27%
Ehtoja vastaavia visoja ei löytynyt
Tulosjakauma
Jokaisen tuloksen saaneiden osuus
Persentiili vastausten määrän mukaan
Tuloshistoriasi
Et ole pelannut tätä visaa